Visualizzazione normale
Vista MARC
- Cupia Luciano
di Personal Name
Records bibliografici associati: 1
001 - CONTROL NUMBER
- control field: 59226
003 - CONTROL NUMBER IDENTIFIER
- control field:
005 - DATE AND TIME OF LATEST TRANSACTION
- control field: 20221018143316.0
008 - FIXED-LENGTH DATA ELEMENTS
- fixed length control field: 221018|| aca||aabn | a|a d
040 ## - CATALOGING SOURCE
- Original cataloging agency:
- Transcribing agency:
100 ## - HEADING--PERSONAL NAME
- Personal name: Cupia Luciano
670 ## - SOURCE DATA FOUND
- Source citation: Work cat.: ()232686: Cupia Luciano , Giornata di studio sulla consulenza con gli adolescenti, 2000